| 000 | 00569nam a2200217Ia 4500 | ||
|---|---|---|---|
| 005 | 20240507113537.0 | ||
| 008 | 140110s9999 xx 000 0 und d | ||
| 020 | _a9788175965317 | ||
| 040 | _aLoreto College | ||
| 041 | _aEnglish | ||
| 082 |
_a420.7 _bDUT |
||
| 100 | _aDutt, P. kiranmai | ||
| 245 |
_aBasic communication skills _cP. kiranmai Dutt and Geetha Rajeevan |
||
| 260 |
_aBangalore _bFoundation _c2007 |
||
| 300 | _ax,120p. | ||
| 504 | _aIncludes index | ||
| 650 | _aEnglish method | ||
| 700 | _aRajeevan, Geetha | ||
| 850 | _aLCBED | ||
| 942 | _cBK | ||
| 999 |
_c30183 _d80662 |
||